000 00596nam a2200217Ia 4500
005 20250508152901.0
008 008 250505s9999 xx 000 0 eng d
037 _aTextual
040 _aFEDL
_beng
_cFEDL
041 _aeng
_2eng
084 _a150.1, CHA
_qFEDL
100 _aChaplin J P
245 0 _aSystems and theories of psychology
260 _aNew York, USA
_bHolt, Rinehart and Winston
_c1960
300 _axiii,473p.
365 _aUSD
_b6.5
650 _aPsychology
700 _a Krawiec T S
_9762642
942 _cTEXL
_h150.1, CHA
999 _c1339387
_d1339387